000 00939cam a22002775a 4500
001 16723870
005 20201128023855.0
008 110406t2010 njua frb 001 0 eng d
020 _a9781576603345
040 _aUKM
_cUKM
_dBTCTA
_dC#P
_dYDXCP
_dLML
_dTOH
_dHALCL
_dCDX
_dDLC
_dEG-ScBUE
_beng
082 0 4 _a332.632044
_222
_bCHO
100 1 _aChoudhry, Moorad.
_938547
245 1 0 _aFixed-income securities and derivatives handbook :
_b[analysis and valuation] /
_cMoorad Choudhry.
250 _a2nd ed.
260 _aHoboken :
_bBloomberg Press,
_cc.2010.
300 _axix, 475 p. :
_bill. ;
_c24 cm.
500 _aSubtitle from spine.
500 _aIndex : p. 465-475.
504 _aBibliography : p. 451-462.
650 7 _aFixed-income securities.
_2BUEsh
_940053
650 7 _aDerivative securities.
_2BUEsh
_93234
650 7 _a Investment analysis.
_2BUEsh
_91288
651 _2BUEsh
653 _bBUSADM
_cOctober2016
942 _2ddc
999 _c22596
_d22568